Sociology (Record no. 1416)

000 -LEADER
fixed length control field 00505nam a22002057a 4500
001 - CONTROL NUMBER
control field 1416
003 - CONTROL NUMBER IDENTIFIER
control field BD-DhUET
008 - FIXED-LENGTH DATA ELEMENTS--GENERAL INFORMATION
fixed length control field 140907b xxu||||| |||| 00| 0 eng d
020 ## - INTERNATIONAL STANDARD BOOK NUMBER
International Standard Book Number 9780073125817
040 ## - CATALOGING SOURCE
Transcribing agency 0
Modifying agency BD-DhUET
082 ## - DEWEY DECIMAL CLASSIFICATION NUMBER
Classification number 301
Item number SCH/2007
100 ## - MAIN ENTRY--PERSONAL NAME
Personal name Schaefer, Richard T.
245 ## - TITLE STATEMENT
Title Sociology
Statement of responsibility, etc. by Richard T. Schaefer
250 ## - EDITION STATEMENT
Edition statement 10th ed.
260 ## - PUBLICATION, DISTRIBUTION, ETC. (IMPRINT)
Place of publication, distribution, etc. New York:
Name of publisher, distributor, etc. McGraw-Hill,
Date of publication, distribution, etc. 2007.
300 ## - PHYSICAL DESCRIPTION
Extent xxxiv,542p.
504 ## - BIBLIOGRAPHY, ETC. NOTE
Bibliography, etc Includes bibliographies
650 #0 - SUBJECT ADDED ENTRY--TOPICAL TERM
Topical term or geographic name as entry element Sociology
942 ## - ADDED ENTRY ELEMENTS (KOHA)
Koha item type General Book
Holdings
Copy number Sublocation or collection (holding branch) Koha issues (times borrowed) Koha date last borrowed Piece designation (barcode) Source of classification or shelving scheme Koha date last seen Date acquired Withdrawn status Not for loan Koha normalized classification for sorting Price effective from Location (home branch) Koha item type Koha full call number Damaged status Lost status Shelving location
1Central Library, BUET62023-06-18103379 2026-01-182014-09-07  301SCH20072014-09-07Central Library, BUETGeneral Book301/SCH/2007  Circulation section
2Central Library, BUET62023-06-06103377 2023-11-182014-09-07  301SCH20072014-09-07Central Library, BUETGeneral Book301/SCH/2007  Circulation section
3Central Library, BUET92024-05-26103378 2024-06-032014-09-07  301SCH20072014-09-07Central Library, BUETGeneral Book301/SCH/2007  Circulation section